Statistics for Countries Bordering Mali

Click here to take the quiz!

General Stats

  • This quiz has been taken 99 times
  • The average score is 6 of 7

Answer Stats

Length of Border Country % Correct
521 miles (838 km)Niger
98%
1,389 miles (2,236 km)Mauritania
97%
844 miles (1,359 km)Algeria
95%
823 miles (1,325 km)Burkina Faso
91%
304 miles (489 km)Senegal
88%
660 miles (1,062 km)Guinea
78%
372 miles (599 km)Côte d'Ivoire
72%

Score Distribution

Percentile by Number Answered

Percent of People with Each Score

Your Score History

You have not taken this quiz